000 00863nam a2200241Ia 4500
003 OSt
005 20220923220337.0
006 a|||||r|||| 00| 0
007 ta
008 220922b |||||||| |||| 00| 0 hin d
024 _a186,065
037 _cTextual
040 _aARTS
_cARTS
_bhin
041 _2hin
_ahin
082 _aY5923, 152N2-;1
100 _aदुखी, लीलाधर
_9156291
245 0 _aब्राह्मण ऐतिहासिक एवं चारित्रिक परिप्रेक्ष्य मंे
246 _aBrāhmaṇ aitihāsik evan chāritrik pariprekṣhya hine
260 _aदिल्ली
_b मानक पब्लिकेशन
_c1992
300 _a128 पृ.
_ccm.
942 _hY5923, 152N2-;1
_cTEXL
_2CC
999 _c339310
_d339310